| 000 | 01144cam a2200253 4500 | ||
|---|---|---|---|
| 001 | ABS63147 | ||
| 008 | 000000n2000 000 0 eng u | ||
| 035 | _a(Sirsi) u109489 | ||
| 100 | _aParkin, S | ||
| 245 | _aSustainable development: the concept and the practical challenge | ||
| 260 | _c2000 | ||
| 490 |
_aCivil Engineering _v138(special issue 2), 3-8(6) |
||
| 520 | _aLooks in some detail at the concept and challenge of sustainable development. Examines the various definitions of 'sustainability' and 'sustainable development' to discover a workable meaning. Highlights the scientific principles of environmental sustainability and uses the five-capital model - natural, human, social, manufactured, financial - to discuss the available resources for achieving sustainable development. Diagrams. References. | ||
| 590 | _aABS | ||
| 650 | _aENVIRONMENTAL SUSTAINABILITY | ||
| 650 |
_aSustainability _96271 |
||
| 650 |
_aEnvironment _96238 |
||
| 650 | _aECONOMIC SUSTAINABILITY | ||
| 650 | _aDEFINITIONS | ||
| 650 | _aRESOURCES | ||
| 650 | _aSUSTAINABLE DEVELOPMENT | ||
| 690 | _aDEVELOPMENT-SUSTAINABLE | ||
| 942 | _n0 | ||
| 999 |
_c65368 _d65368 |
||